| 000 | 01044nam a22002777a 4500 | ||
|---|---|---|---|
| 005 | 20100413153525.0 | ||
| 008 | 100413t xxu||||| |||| 00| 0 eng d | ||
| 010 | _aENG-96034 | ||
| 020 |
_a0198065116 _c795.00 |
||
| 020 |
_a9780198065111 _c795.00 |
||
| 035 | _aEN-79567 | ||
| 037 | _bDBAD/PUB | ||
| 040 | _aDPL | ||
| 082 | _a338.470954 | ||
| 245 |
_aThe service revolution in South Asia/ _cedited by Ejaz Ghani |
||
| 260 |
_aNew Delhi _bOxford University Press _c2010 |
||
| 270 |
_aYMCA library building, Jai Singh Road _bNew Delhi _e110001 |
||
| 300 |
_axvii, 382p. ; _c22 cm.(Hb) |
||
| 500 | _aIncludes index | ||
| 650 |
_aService industries _zSouth Asia |
||
| 650 |
_aService industries _xEconomic aspects _zSouth Asia |
||
| 651 |
_aSouth Asia _xEconomic conditions |
||
| 700 | _aGhani, Ejaz | ||
| 942 |
_2ddc _cEN _mSER _h338.470954 |
||
| 999 |
_c35260 _d35260 |
||